Kerkük'ün kimliği / (Record no. 15590)

MARC details
000 -BAŞLIK
Sabit Uzunlukta Kontrol Alanı 00765nam a22002417a 4500
999 ## - SİSTEM KONTROL NUMARALARI (KOHA)
Koha Biblionumber 15590
Koha Biblioitemnumber 15590
003 - KONTROL NUMARASI IDENTIFIER
Denetim Alanı MIRAKIL
005 - SON İŞLEM TARİHİ VE ZAMANI
Denetim Alanı 20240308131116.0
008 - SABİT-BOY VERİ ELEMANLARI - GENEL BİLGİLER
Sabit Uzunlukta Kontrol Alanı 240308b tu ||||| |||| 00| 0 tur d
020 ## - ULUSLARARASI STANDART KİTAP NUMARASI
Uluslararası Standart Kitap Numarası 9752201962
040 ## - KATALOGLAMA KAYNAK
Orijinal Kataloglama Ajansı TR-AnCHP
Metne Dönüştürmek Ajansı TR-AnCHP
041 ## - DİL KODU
Metin / Ses Parça Veya Ayrı Başlığın Dil Kodu tur
082 ## - DEWEY ONLU SINIFLANDIRMA NUMARASI
Sınıflandırma Numarası 909.0494350567
Ürün Numarası N24k 2007
090 ## - SINIFLAMA NUMARASI
Sınıflama Numarası 909.0494350567 N24k 2007
100 1# - ANA GİRİŞ - KİŞİSEL İSİM
Kişisel Ad Nakip, Mahir
Adının Fuller Formu (Prof. Dr.)
245 10 - BAŞLIK TABLOSU
Başlık Kerkük'ün kimliği /
Sorumluluk Tablosu, Vb Prof. Dr. Mahir Nakip.
250 ## - EDITION TABLOSU
Baskı Beyanı 2. bs.
260 ## - YAYIN, DAĞITIM, VB
Yayın, Dağıtım, Vb Yeri Ankara :
Yayıncı, Dağıtıcı, Vs Adı Bilgi yayınları,
Yayın, Dağıtım, Vb Tarihi 2007.
300 ## - FİZİKSEL TANIM
Kapsam 445 s.
Diğer Fiziksel Ayrıntıları fotog. ,
Boyutlar 20 cm.
650 #0 - KONU KATMA GİRİŞ - TOPİKAL DÖNEM
9 (RLIN) 7142
Topikal Süreli Veya Coğrafi Ad Giriş Elemanı sosyoloji
Coğrafi Alt Bölümü Irak-Kerkük
651 #0 - KONU KATMA GİRİŞ - COĞRAFİ ADI
9 (RLIN) 5884
Coğrafi İsim Irak
Genel Alt Bölümü Kerkük
856 ## - ELEKTRONİK YER VE ERİŞİM
Kamu Notu Dijital Nüshası için Partimizin Kütüphane Sorumlusu ile iletişime geçiniz.
942 ## - EKLENDİ GİRİŞ ELEMANLARI (KOHA)
Sınıflandırma Veya Raf Düzeni Kaynak Dewey Decimal Classification
Koha Öğesi Türü Books
Holdings
Kalıcı Konum Mevcut Konum Edinme Tarihi Toplam Check-Out'Lar Tam Çağrı Numarası Barkod Tarih Son Görülme İtibaren Geçerli Fiyatlar Koha Öğesi Türü
CHP Kütüphanesi CHP Kütüphanesi 03/08/2024   909.0494350567 N24k 2007 21477 03/08/2024 03/08/2024 Books